000 00258nam a2200109Ia 4500
008 230822s1999 xx 000 0 und d
041 _aeng
100 _aNARAYAN R.K.
245 _aTHE BACHELOR OF ARTS.
260 _bINDIA THOUGHT PUB.
_c1999
300 _a166
999 _c856982
_d856982